Top 50 personnalités préférées des Français en 2025 - Statistiques

Statistiques générales
  • Ce quiz a été pris 110 fois
  • Le résultat moyen est 13 sur 50
Statistiques - réponses
Place Métier Célébrité % Correct
38 Footballeur Kylian Mbappé
82%
1 Chanteur Jean-Jacques Goldman
67%
8 Astronaute Thomas Pesquet
61%
11 Judoka Teddy Riner
59%
5 Footballeur Zinedine Zidane
58%
12 Politique Jordan Bardella
54%
14 Nageur Leon Marchand
54%
4 Acteur Omar Sy
53%
25 Footballeur Antoine Griezmann
52%
27 Rugbyman Antoine Dupont
47%
23 Politique Marine Le Pen
46%
22 Cuisinier Philippe Etchebest
43%
32 Acteur Pierre Niney
43%
20 Acteur Jean Dujardin
36%
39 Pongistes Frères Lebrun
34%
2 Chanteur Florent Pagny
30%
40 Humoriste Gad Elmaleh
30%
28 Chanteur Vianney
29%
41 Cuisinier Cyril Lignac
28%
9 Chanteur Soprano
27%
10 Chanteur Michel Sardou
23%
18 Animatrice Karine Lemarchand
22%
48 Animateur Nikos Aliagas
21%
21 Humoriste Florence Foresti
20%
3 Chanteur Francis Cabrel
20%
34 Chanteuse Louane
19%
50 Acteur Gilles Lellouche
17%
15 Animateur Jean-Luc Reichmann
17%
6 Actrice Sophie Marceau
16%
46 Acteur Kad Merad
14%
43 Actrice Line Renaud
14%
37 Chanteur Renaud
14%
33 Acteur Christian Clavier
13%
45 Chanteur Alain Souchon
11%
13 Humoriste Dany Boon
11%
44 Présentatrice météo Evelyne Dheliat
11%
7 Chanteuse Mylène Farmer
11%
29 Actrice Mimie Mathy
10%
36 Animatrice Faustine Bollaert
8%
16 Chanteur Julien Doré
7%
24 Actrice Virginie Efira
7%
26 Acteur Jean Reno
6%
35 Acteur Alain Chabat
4%
19 Chanteur Grand corps malade
4%
49 Youtubeur Hugo Décrypte
4%
42 Chanteuse Clara Luciani
3%
47 Acteur Fabrice Luchini
2%
31 Acteur Pierre Richard
2%
17 Actrice Audrey Fleurot
1%
30 Chanteur Eddie Mitchell
1%
Aucun quiz correspondant
Distribution des résultats
% des personnes avec chaque résultat
Percentile par nombre de réponses
Votre historique - résultats
Vous n’avez pas pris ce quiz